[Event "Credis GMT"]
[Site "IDM Nussloch"]
[Date "1996.05.21"]
[Round "1"]
[White "Lutz, Christopher"]
[Black "Jussupow, Artur"]
[Result "0-1"]
[WhiteElo "2555"]
[BlackElo "2655"]
[PlyCount "88"]

1. e4 e5 2. Nf3 Nf6 3. Nxe5 d6 4. Nf3 Nxe4 5. d4 d5 6. Bd3 Nc6 7. O-O Be7 8. c4
Nf6 9. Nc3 O-O 10. Re1 Bg4 11. cxd5 Nxd5 12. h3 Be6 13. a3 a6 14. Qc2 h6 15.
Be3 Bf6 16. Rad1 Nce7 17. Ne4 Qc8 18. Bc1 Rd8 19. g4 Nc6 20. Bf1 Be7 21. Nc5
Bxc5 22. dxc5 Nde7 23. b4 Rxd1 24. Rxd1 Bd5 25. Qc3 Qe6 26. Re1 Qd7 27. Bb2 f6
28. Bg2 Rd8 29. Qe3 Ng6 30. Bc3 Bf7 31. Bf1 Qd5 32. Bg2 Qa2 33. Qc1 Rd3 34. Re3
Nf4 35. Bf1 Rxe3 36. fxe3 Ne2+ 37. Bxe2 Qxe2 38. Nd4 Nxd4 39. Bxd4 Bc4 40. a4
Bd3 41. e4 Bxe4 42. Qf1 Qd2 43. Qc4+ Kh8 44. Bf2 Bd5 0-1

[Event "Credis GMT"]
[Site "IDM Nussloch"]
[Date "1996.05.22"]
[Round "2"]
[White "Sokolov, I"]
[Black "Jussupow, A"]
[Result "1-0"]
[WhiteElo "2665"]
[BlackElo "2655"]

1. d4 e6 2. c4 f5 3. g3 Nf6 4. Bg2 Be7 5. Nf3 O-O 6. O-O c6 7. Nbd2 d5 8. Qc2
Bd7 9. Ne5 Be8 10. Ndf3 Ne4 11. b3 Kh8 12. Bb2 Bd6 13. Ne1 Nd7 14. N1d3 Qe7 15.
Nxd7 Bxd7 16. c5 Bc7 17. b4 Be8 18. f3 Nf6 19. Qd2 Rg8 20. Rae1 a5 21. a3 axb4
22. axb4 Ra2 23. Ra1 Rxa1 24. Rxa1 g5 25. e4 fxe4 26. fxe4 dxe4 27. Nf2 Nd5 28.
Nxe4 h6 29. Re1 Bg6 30. b5 Bf5 31. Qe2 Qg7 32. Nd6 Ba5 33. Bxd5 cxd5 34. Rf1
Rf8 35. g4 Bg6 36. Qxe6 Rxf1+ 37. Kxf1 Bd3+ 38. Kf2 Qf8+ 39. Nf5 Bc7 40. b6
Bxh2 41. Qe7 Qxe7 42. Nxe7 Bc4 43. Ba3 Kh7 44. c6 bxc6 45. Nf5 Bd3 46. Ke3 Be4
47. Nd6 Bg1+ 48. Kd2 Bxd4 49. b7 Ba7 50. Nc8 Bb8 51. Bd6 d4 52. Bxb8 c5 53. Nd6
1-0

[Event "Credis GMT"]
[Site "IDM Nussloch"]
[Date "1996.05.22"]
[Round "2"]
[White "Dautov, R"]
[Black "Hracek, Z"]
[Result "1-0"]
[WhiteElo "2615"]
[BlackElo "2650"]

1. d4 Nf6 2. c4 e6 3. g3 Bb4+ 4. Bd2 Qe7 5. Nf3 Nc6 6. Nc3 O-O 7. Bg2 Bxc3 8.
Bxc3 Ne4 9. Rc1 d6 10. d5 Nd8 11. Bb4 a5 12. Ba3 e5 13. Qc2 Nc5 14. Bxc5 dxc5
15. O-O f6 16. e4 Nf7 17. Ne1 b6 18. Nd3 Bd7 19. f4 Rae8 20. Rce1 g6 21. Qc3
Qd6 22. Rf2 Kg7 23. Ref1 Re7 24. h3 h5 25. b3 Kg8 26. Qd2 Kg7 27. Qb2 Ree8 28.
Qc3 Qe7 29. Qa1 Qd6 30. Qd1 Re7 31. Qa1 Ree8 32. Qd1 Re7 33. f5 Nh6 34. fxg6
Kxg6 35. Kh2 h4 36. g4 Nf7 37. Ne1 Ng5 38. Nf3 Nxf3+ 39. Bxf3 Kg7 40. Be2 Ree8
41. Qe1 Qe7 42. Rg2 Rh8 43. g5 fxg5 44. Qd2 Rh6 45. Rxg5+ Kh7 46. Bg4 Bxg4 47.
Rxg4 Rh5 48. Qf2 Kh8 49. Rg6 Rg8 50. Rxg8+ Kxg8 51. Rg1+ Kh7 52. Rg4 Kh6 53.
Qe3+ Kh7 54. Qf3 Kh6 55. Rg8 Kh7 56. Rg4 Kh6 57. Rg8 Kh7 58. Qf8 Qxf8 59. Rxf8
Rg5 60. Rf7+ Rg7 61. Rf5 Re7 62. Rh5+ Kg6 63. Rxh4 Re8 64. Rg4+ Kf6 65. a4 c6
66. dxc6 Rc8 67. h4 Rxc6 68. h5 Kf7 69. Kg3 Rd6 70. Kh4 Rd1 71. Rg6 Re1 72.
Rxb6 Rxe4+ 73. Kg5 Re1 74. Kf5 e4 75. Rb7+ Kf8 76. Rb5 e3 77. Ke4 Rh1 78. Kxe3
Rxh5 79. Ke4 Rh1 80. Ke3 Rh5 81. Ke4 Ke7 82. Rxa5 Kd6 83. Rb5 Rh2 84. a5 Kc6
85. Rb6+ Kc7 86. Rf6 Rh3 87. Rf3 Rh2 88. Rf7+ Kc6 89. a6 Kb6 90. a7 Ra2 91. Kd5
Rd2+ 92. Ke6 Rd8 93. Rd7 Rh8 94. Re7 Rd8 95. Rd7 Rh8 96. Rh7 Rd8 97. Ke7 Ra8
98. Kd6 Rd8+ 99. Ke5 Re8+ 100. Kd6 Rd8+ 101. Rd7 Rh8 102. Kd5 Rh5+ 103. Ke4 Rh8
104. Kd3 Rg8 105. Kc3 Ra8 106. b4 cxb4+ 107. Kxb4 Rh8 108. Rg7 Rf8 109. c5+ Kc6
110. Ka5 Rh8 111. Ka6 Rf8 1-0

[Event "Credis GMT"]
[Site "IDM Nussloch"]
[Date "1996.05.22"]
[Round "2"]
[White "Kindermann, S"]
[Black "Lobron, E"]
[Result "0-1"]
[WhiteElo "2575"]
[BlackElo "2590"]

1. e4 c5 2. Nf3 e6 3. d4 cxd4 4. Nxd4 Nf6 5. Nc3 Nc6 6. Ndb5 d6 7. Bf4 e5 8.
Bg5 a6 9. Na3 b5 10. Bxf6 gxf6 11. Nd5 Bg7 12. Bd3 Ne7 13. Nxe7 Qxe7 14. c3 f5
15. O-O Bb7 16. exf5 Qg5 17. g3 h5 18. h4 Qe7 19. Be2 e4 20. Re1 Be5 21. Bf1
Rg8 22. Bg2 Bxg3 23. fxg3 Rxg3 24. Nc2 O-O-O 25. Ne3 Qxh4 26. Qd2 Rdg8 27. Qf2
Qh3 28. Kf1 Qh2 29. Rad1 h4 30. Rd4 h3 31. Bxe4 Rg1+ 32. Ke2 Qxf2+ 33. Kxf2
Rxe1 34. Kxe1 Bxe4 35. Nf1 Rg1 0-1

[Event "It"]
[Site "Nussloch GER"]
[Date "1996.05.23"]
[Round "3"]
[White "Huebner,R"]
[Black "Sokolov,I"]
[Result "1-0"]
[WhiteElo "2635"]
[BlackElo "2665"]

1. d4 Nf6 2. Nf3 g6 3. g3 Bg7 4. c4 c5 5. Bg2 Qa5+ 6. Bd2 Qb6 7. Nc3 cxd4
8. Na4 Qc7 9. Nxd4 O-O 10. Rc1 Nc6 11. Nb5 Qd8 12. c5 a6 13. Nbc3 d5 14.
Nb6 Rb8 15. Ncxd5 Nxd5 16. Nxd5 Bxb2 17. Rb1 Bd4 18. O-O Bxc5 19. Bf4 e5
20. Bh6 Be6 21. Bxf8 Bxf8 22. e3 f5 23. Qd2 e4 24. Rfd1 b5 25. f3 exf3 26.
Bxf3 Ne5 27. Bg2 Bf7 28. Qd4 Qd6 29. a4 Kh8 30. axb5 Rxb5 31. Rbc1 Rb8 32.
Rc6 1-0

[Event "It"]
[Site "Nussloch GER"]
[Date "1996.05.23"]
[Round "3"]
[White "Jussupow,A"]
[Black "Hickl,J"]
[Result "1-0"]
[WhiteElo "2655"]
[BlackElo "2580"]

1. d4 d6 2. g3 e5 3. dxe5 dxe5 4. Qxd8+ Kxd8 5. Nc3 Nc6 6. Bg5+ f6 7.
O-O-O+ Bd7 8. Bh3 Bd6 9. Be3 Bxh3 10. Nxh3 Ke7 11. f4 exf4 12. Nxf4 Kf7 13.
Nb5 Rd8 14. Nd5 Nge7 15. Nbxc7 Nxd5 16. Nxd5 h5 17. Bf4 h4 18. e4 Be5 19.
b3 hxg3 20. hxg3 Rxh1 21. Rxh1 Re8 22. Re1 Rh8 23. Bxe5 Nxe5 24. Re3 Nc6
25. Nf4 Rh1+ 26. Kd2 Ke7 27. a4 Rg1 28. Rd3 a5 29. Ne2 Rg2 30. Rd5 g5 31.
c3 Ke6 32. Rb5 Ne7 33. Ke3 f5 34. Kf3 Rh2 35. Nd4+ Kd6 36. Nxf5+ Nxf5 37.
exf5 Rc2 38. c4 1-0

[Event "It"]
[Site "Nussloch GER"]
[Date "1996.05.23"]
[Round "3"]
[White "Lobron,E"]
[Black "Slobodjan,R"]
[Result "1-0"]
[WhiteElo "2590"]
[BlackElo "2525"]

1. d4 d5 2. Nf3 c6 3. c4 Nf6 4. Nc3 e6 5. Bg5 h6 6. Bh4 dxc4 7. e4 g5 8.
Bg3 b5 9. Be2 a6 10. Qc2 Be7 11. Rd1 Bb7 12. O-O Nbd7 13. Ne5 Nxe5 14. Bxe5
Rg8 15. Bxf6 Bxf6 16. e5 Be7 17. Qh7 Rf8 18. Bh5 Qd7 19. Ne4 Qc7 20. Nc5
Bc8 21. f4 Bd7 22. fxg5 O-O-O 23. g6 Rh8 24. Qxf7 Bxc5 25. dxc5 Qxe5 26. g7
Rhg8 27. Rxd7 Rxg7 28. Rxd8+ Kxd8 29. Rd1+ 1-0

[Event "It"]
[Site "Nussloch GER"]
[Date "1996.05.24"]
[Round "4"]
[White "Dautov,R"]
[Black "Lutz,C"]
[Result "1-0"]
[WhiteElo "2615"]
[BlackElo "2555"]

1. d4 Nf6 2. c4 e6 3. Nc3 Bb4 4. Qc2 O-O 5. a3 Bxc3+ 6. Qxc3 b6 7. Bg5 c5
8. dxc5 bxc5 9. e3 d6 10. Bd3 Nbd7 11. Nf3 Qb6 12. O-O Rb8 13. Rab1 Bb7 14.
Nd2 a5 15. b3 d5 16. cxd5 exd5 17. Rfc1 d4 18. exd4 Nd5 19. Qc2 h6 20. Nc4
Qa7 21. Bd2 a4 22. Ne5 axb3 23. Rxb3 Nxe5 24. dxe5 Ba8 25. Rxb8 Qxb8 26.
Qxc5 Re8 27. Qd4 Ne7 28. e6 fxe6 29. Bc3 1-0

[Event "It"]
[Site "Nussloch GER"]
[Date "1996.05.24"]
[Round "4"]
[White "Huebner,R"]
[Black "Lobron,E"]
[Result "1-0"]
[WhiteElo "2635"]
[BlackElo "2590"]

1. d4 Nf6 2. Nf3 e6 3. g3 c5 4. Bg2 Nc6 5. O-O cxd4 6. Nxd4 Qb6 7. Nxc6
dxc6 8. b3 e5 9. Bb2 Qc7 10. Nd2 Be6 11. Nf3 Nd7 12. Ng5 Bg4 13. Qd3 Be7
14. Bf3 h5 15. Bxg4 hxg4 16. Qf5 Rf8 17. Rad1 g6 18. Qxg4 O-O-O 19. Nf3 Kb8
20. Qc4 b5 21. Qc3 f6 22. a4 Nc5 23. axb5 cxb5 24. Nh4 Rg8 25. Rxd8+ Qxd8
26. Ra1 Qd7 27. Ba3 Ne6 28. Bxe7 Qxe7 29. Qd3 Qc5 30. Ra5 Nc7 31. c4 bxc4
32. Qxg6 Qf8 33. Qc2 Qb4 34. Qxc4 Qxc4 35. bxc4 Kb7 36. Nf5 Kb6 37. Ra1 a5
38. h4 Ne6 39. h5 Rg5 40. Ne3 Rxh5 41. Nd5+ Ka6 42. Nxf6 Rh8 43. Nd7 Ra8
44. Rb1 a4 45. Rb6+ Ka5 46. Rb5+ Ka6 47. Nb8+ Ka7 48. Nc6+ Ka6 49. Nb4+ Ka7
50. Rxe5 Nd4 51. Ra5+ Kb7 52. Rxa8 Kxa8 53. e3 Ne6 54. Kf1 Kb7 55. Ke2 Nc5
56. f3 1-0

[Event "It"]
[Site "Nussloch GER"]
[Date "1996.05.24"]
[Round "4"]
[White "Slobodjan,R"]
[Black "Hracek,Z"]
[Result "0-1"]
[WhiteElo "2525"]
[BlackElo "2650"]

1. e4 c5 2. Nf3 Nc6 3. d4 cxd4 4. Nxd4 Nf6 5. Nc3 d6 6. Bg5 e6 7. Qd2 a6 8.
O-O-O Nxd4 9. Qxd4 Be7 10. f4 b5 11. Bxf6 gxf6 12. Qe3 Qc7 13. Bd3 Qc5 14.
Qh3 h5 15. Kb1 b4 16. Ne2 a5 17. Rc1 a4 18. Rhd1 Bd7 19. c3 Rb8 20. Rd2 Bd8
21. cxb4 Qxb4 22. Rdc2 f5 23. e5 dxe5 24. fxe5 Bg5 25. Rd1 Qg4 26. Qf3 Qxf3
27. gxf3 Be3 28. Rc3 Bb6 29. Bc2 Ke7 30. Nf4 Rb7 31. Ra3 Rhb8 32. Ka1 Rc7
33. Kb1 Rc4 34. Ne2 Rh4 35. Rh1 Rb4 36. Rc3 Ba5 37. b3 R4b5 38. Re3 Bb6 39.
Rd3 Rxe5 40. Nf4 Bb5 41. Rdd1 h4 42. Rhe1 Bc7 43. Ng2 Rxe1 44. Rxe1 h3 45.
Ne3 Kf6 46. Nd1 axb3 47. axb3 Bc4 48. Ka2 Bd5 49. Nf2 Be5 0-1

[Event "It"]
[Site "Nussloch GER"]
[Date "1996.05.25"]
[Round "05"]
[White "Lutz,C"]
[Black "Kindermann,S"]
[Result "1/2-1/2"]
[WhiteElo "2555"]
[BlackElo "2575"]

1. d4 Nf6 2. c4 g6 3. Nc3 Bg7 4. e4 d6 5. f3 O-O 6. Bg5 a6 7. Nge2 Nbd7 8.
Ng3 c5 9. d5 b5 10. cxb5 Qa5 11. Bd2 axb5 12. Bxb5 Nxd5 13. exd5 Bxc3 14.
Bxc3 Qxb5 15. Qd2 Ne5 16. Bxe5 dxe5 17. Ne4 Bf5 18. Nc3 Qc4 19. Kf2 Qd4+
20. Qe3 Rfb8 21. b3 c4 22. Qxd4 exd4 23. Ne2 cxb3 24. axb3 Rxa1 25. Rxa1
Rxb3 26. Nxd4 Rb2+ 1/2-1/2

[Event "It"]
[Site "Nussloch GER"]
[Date "1996.05.25"]
[Round "05"]
[White "Hracek,Z"]
[Black "Huebner,R"]
[Result "1/2-1/2"]
[WhiteElo "2650"]
[BlackElo "2635"]

1. e4 e5 2. Nf3 Nc6 3. Bb5 a6 4. Ba4 d6 5. c3 Bd7 6. d4 g6 7. Bg5 Be7 8.
Be3 Nf6 9. Bc2 O-O 10. h3 exd4 11. cxd4 Nb4 12. Nc3 Nxc2+ 13. Qxc2 c6 14.
O-O d5 15. e5 Nh5 16. Qd2 f5 17. Ne2 a5 18. a3 Be6 19. Bh6 Re8 20. Rac1 Qd7
21. Ng5 b6 22. Rfd1 Rec8 23. Rc3 Ra7 24. Nf4 Nxf4 25. Qxf4 c5 26. h4 cxd4
27. Rxc8+ Qxc8 28. Nf3 Rc7 29. h5 Rc4 30. hxg6 hxg6 31. Nxd4 a4 32. Qg3 Kf7
33. Bg5 Bc5 34. Qh4 Qg8 35. Bd8 Ke8 36. Bg5 1/2-1/2

[Event "It"]
[Site "Nussloch GER"]
[Date "1996.05.25"]
[Round "05"]
[White "Hickl,J"]
[Black "Piket,Je"]
[Result "1-0"]
[WhiteElo "2580"]
[BlackElo "2570"]

1. g3 d5 2. Bg2 c6 3. Nf3 Bg4 4. b3 Nd7 5. Bb2 Ngf6 6. O-O e6 7. c4 a5 8.
d3 Bd6 9. Nbd2 O-O 10. a3 Re8 11. h3 Bh5 12. Qc2 Bg6 13. Nh4 Qb6 14. Nxg6
hxg6 15. e3 Rac8 16. Rab1 Qa7 17. b4 b6 18. Bc3 axb4 19. axb4 Bb8 20. Rfc1
Qc7 21. Rd1 Qd6 22. Qb2 e5 23. b5 cxb5 24. Qxb5 d4 25. exd4 exd4 26. Ne4
Qe5 27. Qxe5 Bxe5 28. Bb4 Nxe4 29. Bxe4 Bf6 30. Ra1 Be7 31. Be1 Bc5 32. Bd2
Nf6 33. Bf3 Rc7 34. Bg5 Rce7 35. Kg2 Re6 36. Ra7 Re1 37. Rd2 Kf8 38. Rda2
R1e7 39. Bc6 Rc8 40. Bb5 Rxa7 41. Rxa7 Ne8 42. g4 Bd6 43. Rb7 Bc5 44. Kf3
f6 45. Bf4 Rd8 46. Bc6 g5 47. Bg3 Nd6 48. Bxd6+ Rxd6 49. Bd5 g6 50. Ke4 f5+
51. Ke5 fxg4 52. hxg4 Ke8 53. Rc7 Rd7 54. Rc8+ Ke7 55. Rg8 Bd6+ 56. Kxd4
Kf6 57. f3 Be5+ 58. Ke4 Re7 59. d4 Bf4+ 60. Kd3 Re3+ 61. Kc2 Re2+ 62. Kc3
Re3+ 63. Kb4 Rd3 64. Re8 Rxd4 65. Re6+ Kg7 66. Rxb6 Rd2 67. Re6 Kf8 68. Kb5
Rd3 69. Kc6 Ra3 70. Re2 Ra6+ 71. Kb5 Rd6 72. Be4 Rd2 73. Re1 Ke7 74. c5 Kd8
75. Kc6 Rd7 76. Bxg6 Rc7+ 77. Kb6 Re7 78. Rd1+ Rd7 79. Rh1 Be5 80. Bf5 Rd2
81. Rh5 Bf4 82. Rh8+ Ke7 83. Rh6 Kd8 84. Kc6 Rd4 85. Be4 Rd2 86. Rh8+ Ke7
87. Ra8 Rd1 88. Ra7+ Kd8 89. Kb5 Rc1 90. c6 Rc3 91. Rd7+ Kc8 92. Bf5 Kb8
93. Rf7 Rxf3 94. Rb7+ Ka8 95. Kc4 Ra3 96. Be4 Ra4+ 97. Kd3 Ra3+ 98. Kc2 Re3
99. Bd5 Re2+ 100. Kc3 Re8 101. c7 Bxc7 102. Rxc7+ Kb8 103. Rg7 Re1 104.
Rxg5 Kc7 105. Kd4 Kd6 106. Rg6+ Ke7 107. g5 Re2 108. Rg7+ Kd6 109. Rg6+ Ke7
110. Rf6 Re1 111. Rf5 Kd6 112. Be4 Rg1 113. Ra5 Ke7 114. Ra7+ Ke6 115. Ra6+
Ke7 116. g6 Rg5 117. Rc6 Kf8 118. Rc7 Kg8 119. Ke3 Ra5 120. Kf4 Rb5 1-0

[Event "It"]
[Site "Nussloch GER"]
[Date "1996.05.25"]
[Round "05"]
[White "Lobron,E"]
[Black "Sokolov,I"]
[Result "1/2-1/2"]
[WhiteElo "2590"]
[BlackElo "2665"]

1. c4 e5 2. g3 Nc6 3. Bg2 f5 4. Nc3 Nf6 5. e3 d5 6. Nxd5 Nxd5 7. cxd5 Nb4
8. d3 Nxd5 9. Nf3 Bb4+ 10. Bd2 Bxd2+ 11. Qxd2 Qd6 12. O-O O-O 13. Rac1 Be6
14. Ng5 c6 15. Nxe6 Qxe6 16. Rfe1 Rad8 17. Qa5 a6 18. e4 Ne7 19. exf5 Qxf5
20. Qc5 Nd5 21. Re4 Qg5 22. Rce1 Qd2 23. R4e2 Qxd3 24. Rxe5 Kh8 25. h3 h6
26. a3 Qb3 27. R1e2 Nf6 28. R5e3 Qb5 29. Qxb5 axb5 30. Re7 Rfe8 31. h4 g5
32. hxg5 hxg5 33. Bf3 Rxe7 34. Rxe7 Rd7 35. Re5 g4 36. Be2 Rd2 37. b4 Ra2
38. Bxg4 Nxg4 39. Rh5+ Kg7 40. Rg5+ Kf6 41. Rxg4 Rxa3 42. Kg2 Rc3 43. Rf4+
Ke5 44. Rf8 Rc4 45. f4+ Ke4 46. g4 Rxb4 47. g5 Rb2+ 48. Kg3 Rb1 49. Kg2
1/2-1/2

[Event "It"]
[Site "Nussloch GER"]
[Date "1996.05.26"]
[Round "06"]
[White "Kindermann,S"]
[Black "Jussupow,A"]
[Result "1/2-1/2"]
[WhiteElo "2575"]
[BlackElo "2655"]

1. e4 e5 2. Nf3 Nf6 3. d4 Nxe4 4. Bd3 d5 5. Nxe5 Bd6 6. O-O O-O 7. c4 Nc6
8. Nxc6 bxc6 9. c5 Be7 10. Nc3 Bf5 11. Qf3 Bg6 12. Nxe4 dxe4 13. Bxe4 Qxd4
14. Bxg6 hxg6 15. Be3 Qa4 16. b3 Qa6 17. Qf4 Bf6 18. Bd4 Bxd4 19. Qxd4 Rad8
20. Qf4 Rd7 21. Rfe1 1/2-1/2

[Event "It"]
[Site "Nussloch GER"]
[Date "1996.05.26"]
[Round "06"]
[White "Lobron,E"]
[Black "Hracek,Z"]
[Result "1/2-1/2"]
[WhiteElo "2590"]
[BlackElo "2650"]

1. c4 e5 2. g3 Nc6 3. Bg2 g6 4. Nc3 Bg7 5. Rb1 a5 6. a3 d6 7. b4 axb4 8.
axb4 Nge7 9. d3 Nd4 10. e3 Ne6 11. Nge2 O-O 12. O-O h5 13. e4 c6 14. Be3
Nd4 15. Rb2 Bg4 16. h3 Be6 17. Bxd4 exd4 18. Nb1 Ra1 19. Qc2 Qd7 20. h4 b5
21. Nd2 Ra3 22. Ra2 Rxa2 23. Qxa2 bxc4 24. dxc4 Rb8 25. Rb1 c5 26. bxc5
Rxb1+ 27. Qxb1 dxc5 28. Nc1 Bh6 29. f4 Qa4 30. Nd3 Qa3 31. Qb3 Qxb3 32.
Nxb3 Bxc4 33. Ndxc5 f6 34. Nxd4 g5 35. hxg5 fxg5 36. f5 Bg7 37. Nde6 Bxe6
38. Nxe6 Bf6 39. Bf3 h4 40. Kg2 hxg3 41. Kxg3 Nc6 42. Bd1 Ne5 43. Nc7 Kg7
44. Ne8+ Kf7 45. Bh5+ Ke7 46. Nc7 Nd7 47. Kg4 Kd6 48. Nd5 1/2-1/2

[Event "It"]
[Site "Nussloch GER"]
[Date "1996.05.26"]
[Round "06"]
[White "Slobodjan,R"]
[Black "Lutz,C"]
[Result "0-1"]
[WhiteElo "2525"]
[BlackElo "2555"]

1. e4 c5 2. Nf3 d6 3. d4 cxd4 4. Nxd4 Nf6 5. Nc3 a6 6. Bc4 e6 7. Bb3 b5 8.
O-O Be7 9. f4 Bb7 10. f5 e5 11. Nde2 Nbd7 12. Ng3 h5 13. Qf3 h4 14. Nge2
Nc5 15. Bd5 Bxd5 16. exd5 b4 17. Nd1 e4 18. Qf2 h3 19. g3 Ncd7 20. Nf4 Ne5
21. Ne3 Qc8 22. a3 bxa3 23. Rxa3 Bd8 24. Kh1 Bb6 25. Qe2 Ke7 26. Rb3 Qc7
27. Bd2 Rhb8 28. Bc3 Bxe3 29. Rxb8 Rxb8 30. Qxe3 Kf8 31. Ra1 Qb7 32. Rd1
Qd7 33. Qe2 Qxf5 34. Qxa6 Rd8 35. Qf1 e3 36. Nxh3 e2 37. Qxe2 Qxh3 38. Bxe5
dxe5 39. Qxe5 Qxh2+ 40. Kxh2 Ng4+ 41. Kg2 Nxe5 42. Kf2 Rc8 43. c3 Ke7 0-1

[Event "It"]
[Site "Nussloch GER"]
[Date "1996.05.28"]
[Round "7"]
[White "Jussupow, A"]
[Black "Slobodjan, R"]
[Result "1-0"]
[WhiteElo "2655"]
[BlackElo "2525"]

1. d4 Nf6 2. c4 e6 3. Nc3 Bb4 4. Bg5 c5 5. d5 d6 6. e3 h6 7. Bh4 Bxc3+ 8. bxc3
e5 9. Qc2 Qe7 10. Nf3 Nbd7 11. Nd2 g5 12. Bg3 Nh5 13. Bd3 Ndf6 14. h3 Nxg3 15.
fxg3 Nh5 16. O-O Nxg3 17. Rf3 e4 18. Nxe4 Nxe4 19. Bxe4 Bd7 20. Raf1 Rf8 21.
Bg6 O-O-O 22. Bxf7 g4 23. hxg4 Bxg4 24. Rf4 Qxe3+ 25. Qf2 Qxf2+ 26. R1xf2 Bd7
27. Rf6 Rh8 28. Rxd6 h5 29. Kh2 Rdf8 30. Rdf6 Kd8 31. d6 Bc6 32. Be6 Re8 33.
Bh3 Bd7 34. Rf7 Bxh3 35. Kxh3 Rh6 36. Rxb7 Rxd6 37. Rff7 Re3+ 38. Kh4 Kc8 39.
Rxa7 Kb8 40. Rfb7+ Kc8 41. Re7 Rxe7 42. Rxe7 Rg6 43. Re2 1-0

[Event "It"]
[Site "Nussloch GER"]
[Date "1996.05.28"]
[Round "7"]
[White "Hickl, J"]
[Black "Kindermann, S"]
[Result "1/2-1/2"]
[WhiteElo "2580"]
[BlackElo "2575"]

1. g3 e5 2. Bg2 d5 3. d3 Nf6 4. Nf3 Bd6 5. c4 c6 6. O-O h6 7. Qb3 O-O 8. cxd5
cxd5 9. Nc3 d4 10. Nd5 Nxd5 11. Qxd5 Nc6 12. Bd2 Be6 13. Qb5 Qc7 14. Rfc1 a6
15. Qa4 Rfc8 16. a3 Qb6 17. b4 Ne7 18. e4 Rxc1+ 19. Bxc1 Qb5 20. Qxb5 axb5 21.
Bb2 Nc8 22. Rc1 Nb6 23. Nd2 Na4 24. Ba1 Nb6 25. Bb2 Na4 26. Ba1 Nb6 1/2-1/2

[Event "It"]
[Site "Nussloch GER"]
[Date "1996.05.29"]
[Round "8"]
[White "Kindermann, S"]
[Black "Piket, Je"]
[Result "0-1"]
[WhiteElo "2575"]
[BlackElo "2570"]

1. e4 c5 2. Nf3 d6 3. d4 cxd4 4. Nxd4 Nf6 5. Nc3 Nc6 6. Bg5 e6 7. Qd2 a6 8.
O-O-O Nxd4 9. Qxd4 Be7 10. f4 b5 11. Bxf6 gxf6 12. f5 Qc7 13. Kb1 Qc5 14. Qd2
Bd7 15. g3 b4 16. fxe6 fxe6 17. Ne2 a5 18. Bh3 Rc8 19. Nd4 Qe5 20. Rhe1 Rc7 21.
Qh6 Bf8 22. Qh4 h5 23. Nf3 Qc5 24. Qxf6 Rh6 25. Qg5 Qxc2+ 26. Ka1 Rc5 27. e5 d5
28. Rc1 Qg6 29. Qe3 Qe4 30. Qf2 Rxc1+ 31. Rxc1 Be7 32. Re1 Qg6 33. Nd4 Rh8 34.
Rc1 h4 35. g4 Rf8 36. Qe2 Qe4 37. Qxe4 dxe4 38. Re1 Rf2 39. g5 Bxg5 40. Nxe6
Bxe6 41. Bxe6 Bd2  0-1

[Event "It"]
[Site "Nussloch GER"]
[Date "1996.05.29"]
[Round "8"]
[White "Slobodjan, R"]
[Black "Hickl, J"]
[Result "1-0"]
[WhiteElo "2525"]
[BlackElo "2580"]

1. e4 g6 2. d4 d6 3. Nf3 Bg7 4. Be2 Nf6 5. Nc3 O-O 6. O-O c6 7. Re1 Qc7 8. Bf4
Nh5 9. Bg5 h6 10. Be3 Nd7 11. Qd2 Kh7 12. Rad1 b5 13. e5 Nb6 14. h3 f5 15. exf6
Nxf6 16. Bd3 Bf5 17. Nh4 e6 18. Bf4 b4 19. Nb1 Nbd5 20. Bh2 Rad8 21. c4 bxc3
22. bxc3 Qf7 23. Nxf5 exf5 24. c4 Nb6 25. Na3 d5 26. c5 Nbd7 27. Qa5 Ne4 28.
Nc2 f4 29. f3 Ng3 30. Qc7 Qf6 31. Bxg3 fxg3 32. Qxg3 Rfe8 33. h4 h5 34. f4 Nf8
35. Re5 Rxe5 36. fxe5 Qe6 37. Rb1 Rd7 38. Ne1 Qg4 39. Qxg4 hxg4 40. g3 Ne6 41.
Nc2 Bh6 42. Kg2 Rf7 43. h5 Rf3 44. Bxg6+ Kg7 45. Rb3  1-0

[Event "It"]
[Site "Nussloch GER"]
[Date "1996.05.29"]
[Round "8"]
[White "Huebner, R"]
[Black "Jussupow, A"]
[Result "1/2-1/2"]
[WhiteElo "2635"]
[BlackElo "2655"]

1. e4 e5 2. Nf3 Nf6 3. Nxe5 d6 4. Nf3 Nxe4 5. d4 d5 6. Bd3 Nc6 7. O-O Be7 8. c4
Nf6 9. Nc3 Be6 10. cxd5 Nxd5 11. Re1 O-O 12. a3 Bf6 13. Be4 h6 14. Bc2 Nde7 15.
Be3 Bg4 16. h3 Bh5 17. Qd3 Bg6 18. Ne4 Nd5 19. Qb3 Na5 20. Qa4 Nc6 21. Qb3 Na5
22. Qb5 c6 23. Qe2 b5 24. Nxf6+ Qxf6 25. Ne5 Bxc2 26. Qxc2 Rfc8 27. Rac1 Nb7
28. Re2 Rc7 29. Qb3 Rac8 30. Rec2 Qe6 31. Bd2 f6 32. Ng6 Kf7 33. Qd3 c5 34. Re1
Qd7 35. dxc5 Nxc5 36. Rxc5 Rxc5 37. Re7+ Qxe7 38. Nxe7 Nxe7 39. Bb4 Rd5 40. Qe4
Rd7 41. Bxe7 Re8 42. Qc6 Rexe7 43. Qxb5 Rd2 44. Qc4+ Kg6 45. Qg4+ Kf7 46. Qc4+
 1/2-1/2

[Event "It"]
[Site "Nussloch GER"]
[Date "1996.05.31"]
[Round "10"]
[White "Hracek,Z"]
[Black "Jussupow,A"]
[Result "1/2-1/2"]
[WhiteElo "2650"]
[BlackElo "2655"]

1. e4 e5 2. Nf3 Nf6 3. Nxe5 d6 4. Nf3 Nxe4 5. d4 d5 6. Bd3 Nc6 7. O-O Be7
8. c4 Nf6 9. Nc3 Be6 10. cxd5 Nxd5 11. Re1 O-O 12. a3 Bf6 13. Be4 h6 14.
Bc2 Nce7 15. Ne5 Bf5 16. Bb3 Be6 17. Ne4 Bxe5 18. dxe5 b6 19. Qf3 c6 20.
Bc2 Nf5 21. Rd1 Qh4 22. b4 Rad8 23. Bb2 Qf4 24. Qe2 Qh4 25. Qf3 Qf4 26. Qe2
Qh4 27. Qf3 1/2-1/2

[Event "It"]
[Site "Nussloch GER"]
[Date "1996.05.31"]
[Round "10"]
[White "Slobodjan,R"]
[Black "Dautov,R"]
[Result "1/2-1/2"]
[WhiteElo "2525"]
[BlackElo "2615"]

1. e4 c5 2. Nf3 e6 3. d3 Nc6 4. g3 g6 5. Bg2 Bg7 6. O-O Nge7 7. Nc3 d6 8.
Be3 Nd4 9. Qd2 O-O 10. Bh6 e5 11. Bxg7 Kxg7 12. Nh4 Be6 13. Ne2 f6 14. c3
Nxe2+ 15. Qxe2 b5 16. f4 Bg8 17. Rf2 Nc6 18. Qg4 Kh8 19. Qh3 Kg7 20. Qg4
Qc8 21. Qd1 a5 22. Nf3 Be6 23. Qd2 Bg4 24. Ne1 b4 25. Nc2 Qb7 26. Ne3 Bd7
27. Raf1 Rab8 28. fxe5 fxe5 29. Nc4 Qc7 30. Rxf8 Rxf8 31. Rxf8 Kxf8 32.
Qh6+ Kg8 33. Bh3 a4 34. a3 bxc3 35. bxc3 Nd8 36. Bxd7 Qxd7 37. Qg5 Nf7 38.
Qf6 Qg4 39. Qf1 Qd7 40. Qf6 Qg4 41. Qf1 Qg5 42. Kg2 Qd8 43. h4 Kg7 44. Qd1
Qd7 45. Qf1 h5 46. Nb6 Qd8 47. Nd5 Nh6 48. Qb1 Qd7 49. Ne3 Ng4 50. Nxg4
hxg4 51. c4 Qf7 1/2-1/2

[Event "It"]
[Site "Nussloch GER"]
[Date "1996.06.01"]
[Round "11"]
[White "Kindermann,S"]
[Black "Slobodjan,R"]
[Result "1/2-1/2"]
[WhiteElo "2575"]
[BlackElo "2525"]

1. e4 e5 2. Nf3 Nc6 3. Bb5 a6 4. Ba4 Nf6 5. O-O Nxe4 6. d4 b5 7. Bb3 d5 8.
dxe5 Be6 9. Nbd2 Bc5 10. Qe2 Nxd2 11. Bxd2 O-O 12. Rad1 Ne7 13. c3 Qd7 14.
Nd4 Bg4 15. f3 Bh5 16. Kh1 Rae8 17. Rfe1 c6 18. Qf1 Bg6 19. Be3 Ba7 20. e6
Qb7 21. exf7+ Bxf7 22. Bg5 Ng6 23. Bc2 Bb8 24. b4 c5 25. bxc5 Qc7 26. g3
Qxc5 27. Qd3 Qc4 28. Qxc4 dxc4 29. Rxe8 Rxe8 30. Be4 h6 31. Bc1 Ne5 32. Kg2
Nd3 33. Ba3 Be5 34. Bxd3 cxd3 35. Rxd3 Bxa2 36. Re3 Bf7 37. Bb4 Bc7 38. Kf2
Bb6 39. Rxe8+ Bxe8 40. Ke3 a5 41. Bd6 Kf7 42. Ke4 Bxd4 1/2-1/2

[Event "It"]
[Site "Nussloch GER"]
[Date "1996.06.01"]
[Round "11"]
[White "Lutz,C"]
[Black "Sokolov,I"]
[Result "1/2-1/2"]
[WhiteElo "2555"]
[BlackElo "2665"]

1. e4 e5 2. Nf3 Nc6 3. Bb5 a6 4. Ba4 Nf6 5. O-O Be7 6. Re1 b5 7. Bb3 O-O 8.
a4 b4 9. d3 a5 10. Nbd2 Bc5 11. Nf1 d6 12. c3 bxc3 13. bxc3 h6 14. Be3 Bxe3
15. Nxe3 Ne7 16. Rb1 Bd7 17. Qc2 Bc6 18. Nd2 d5 19. Nf3 dxe4 20. Nxe5 exd3
21. Qa2 Ne4 22. Nxf7 Rxf7 23. Bxf7+ Kh8 24. Nd1 Qd6 25. Qe6 d2 26. Rxe4 Qd3
27. Rh4 Qxb1 28. Rxh6+ gxh6 29. Qxh6+ Qh7 30. Qf6+ Qg7 31. Qh4+ 1/2-1/2